000 00774nam a2200277Ia 4500
003 OSt
005 20221007102959.0
006 a|||||r|||| 00| 0
007 ta
008 221006b |||||||| |||| 00| 0 eng d
020 _a8177333356
024 _a11,910
037 _cTextual
040 _aLCO
_cLCO
_beng
041 _2eng
_aeng
082 _aX72:(Z), P6
100 _aAhuja Girish
245 0 _aProfessional Approach to Direct Taxes Law and Practice Including Tax Planning 2006-2007
250 _a14th
260 _aNew
_bDelhi Bharat Law House Pvt. Ltd. India
_c2006
300 _a1644
650 _aDIRECT TAXES
_9431678
700 _a Gupta Ravi
942 _hX72:(Z), P6
_cTEXL
999 _c1181473
_d1181473